[Event "Druzynowe Mistrzostwa Polski - II liga"]
[Site "Sypniewo k. Jastrowia"]
[Date "1899-12-30"]
[Round "1.29"]
[White "Borowski, Przemyslaw"]
[Black "Szmacinski, Slawomir"]
[Result "1-0"]
[WhiteTitle "I"]
[BlackTitle "I"]
[WhiteElo "1863"]
[BlackElo "1857"]

1. e4 c5 2. Nc3 e6 3. f4 Nc6 4. Nf3 a6 5. g3 d6 6. Bg2 Nf6 7. O-O Be7 8. d3 O-O
9. h3 Bd7 10. g4 Rc8 11. f5 Ne8 12. Ne2 Ne5 13. Ng3 b5 14. Bf4 Bf6 15. Nxe5 dxe5
16. Be3 Bg5 17. Qd2 h6 18. Rf3 Bxe3+ 19. Qxe3 Qg5 20. Qf2 exf5 21. Nxf5 Bxf5 22.
Rxf5 Qe7 23. h4 c4 24. Qg3 f6 25. Raf1 cxd3 26. cxd3 Nd6 27. R5f2 Nf7 28. Bf3
Qd6 29. Bd1 Qd4 30. Bb3 Kh8 31. Kh1 Rc6 32. g5 Qd8 33. Rg2 g6 34. gxh6 g5 35.
Bd5 Rb6 36. Qg4 Nxh6 37. Qh5 Kh7 38. Rfg1 Qe8 39. Qxe8 Rxe8 40. hxg5 fxg5 41.
Rxg5 Re7 42. R1g2 Rf6 43. Kg1 b4 44. Rf2 Rg6 45. Rfg2 Rf6 46. Rh2 Rg6 47. Rh5
Kg7 48. Kf1 Rxg5 49. Rxg5+ Kf6 50. Rg2 Rc7 51. Bc4 a5 52. Ke1 a4 53. Kd2 Ra7 54.
a3 Rb7 55. axb4 Rxb4 56. Kc3 Rb8 57. Rg1 Rc8 58. Kb4 Rb8+ 59. Ka3 Rb6 60. Rg2
Rb8 61. Kxa4 Ra8+ 62. Kb4 Ra7 63. Rf2+ 1-0

[Event "Druzynowe Mistrzostwa Polski - II liga"]
[Site "Sypniewo k. Jastrowia"]
[Date "1899-12-30"]
[Round "1.30"]
[White "Szmacinska, Grazyna"]
[Black "Czaplewska, Klara"]
[Result "1/2-1/2"]
[WhiteTitle "WIM"]
[BlackTitle "k+"]
[WhiteElo "2056"]
[BlackElo "1863"]

1. d4 d5 2. Nf3 Nf6 3. e3 e6 4. Bd3 Be7 5. O-O O-O 6. b3 c5 7. Bb2 Nc6 8. a3 b6
9. Ne5 Qc7 10. f4 a5 11. Qe2 Ne4 12. c4 f5 13. Nc3 cxd4 14. Nb5 Qb7 15. Nxc6 Qxc6
16. exd4 Ba6 17. Rfc1 Bxb5 18. cxb5 Qd6 19. g3 Rac8 20. Rc2 Rxc2 21. Qxc2 h5 22.
Kg2 Qd7 23. Qc6 Qxc6 24. bxc6 Rc8 25. Bb5 Nd6 26. a4 Ne4 27. Rd1 Bb4 28. Rd3 Kf7
29. Kf3 Ke7 30. Bc1 Kd6 31. Be3 Nf6 32. h3 Ng8 33. g4 hxg4+ 34. hxg4 g6 35. Rd1
Ne7 36. Bf2 Nxc6 37. Bh4 Na7 38. Bd3 Rc3 39. gxf5 gxf5 40. Ke2 Nc6 41. Bf6 Rxb3
42. Rh1 Bc3 43. Be5+ Ke7 44. Rh7+ Kf8 45. Rh8+ Kf7 46. Rh7+ Kg6 47. Rg7+ Kh6 48.
Rf7 Nxd4+ 49. Bxd4 Bxd4 50. Re7 Kh5 51. Rxe6 Kg4 52. Rd6 Kxf4 53. Rxd5 Rb2+ 54.
Kf1 Rf2+ 55. Ke1 Ke3 56. Bxf5 Ra2 57. Rb5 Rxa4 58. Kd1 Rc4 59. Rb3+ Kf4 60. Bd3
Rc7 61. Bb5 Ke5 62. Kd2 Kd5 63. Kd3 Kc5 64. Ba4 Bf2 65. Rb2 Bg1 66. Rc2+ Kd6 67.
Rxc7 Kxc7 68. Kc4 Kd6 69. Kb5 Bf2 1/2-1/2

[Event "Druzynowe Mistrzostwa Polski - II liga"]
[Site "Sypniewo k. Jastrowia"]
[Date "1899-12-30"]
[Round "1.31"]
[White "Murdzia, Piotr"]
[Black "Bilczewski, Kacper"]
[Result "1-0"]
[WhiteTitle "IM"]
[BlackTitle "k+"]
[WhiteElo "2425"]
[BlackElo "2112"]

1. e4 e6 2. d4 d5 3. Nd2 c5 4. Ngf3 Nc6 5. Bb5 Bd6 6. O-O Ne7 7. dxc5 Bxc5 8. a3
O-O 9. b4 Bb6 10. Bb2 Bd7 11. c4 Rc8 12. c5 Bc7 13. Bd3 Ng6 14. exd5 exd5 15.
Qc2 a6 16. Rfe1 Re8 17. Rxe8+ Qxe8 18. Re1 Qf8 19. Bf5 Bxf5 20. Qxf5 Rd8 21. Nb3
Re8 22. Qxd5 Rxe1+ 23. Nxe1 Qe7 24. Kf1 Nf4 25. Qc4 Qd7 26. Qe4 h6 27. Nc1 Qd2
28. Qc2 Qd5 29. Ncd3 Ne6 30. Nf3 Qe4 31. Nde1 Qd5 32. Qd3 Qa2 33. Bc1 Bf4 34.
Be3 Bxe3 35. Qxe3 Qc4+ 36. Qd3 Qc1 37. g3 Kf8 38. Kg2 Ke7 39. Nc2 Qb1 40. Qd6+
Ke8 41. Ne3 Qe4 42. Nd5 f6 43. Nc3 Qc4 44. Nd2 Qxc3 45. Qxe6+ Ne7 46. Ne4 1-0

[Event "Druzynowe Mistrzostwa Polski - II liga"]
[Site "Sypniewo k. Jastrowia"]
[Date "1899-12-30"]
[Round "1.32"]
[White "Panek, Bartosz"]
[Black "Brzezinski, Mateusz"]
[Result "1/2-1/2"]
[WhiteTitle "I++"]
[BlackTitle "k"]
[WhiteElo "2082"]
[BlackElo "2189"]

1. e4 c6 2. Nc3 d5 3. Nf3 dxe4 4. Nxe4 Bf5 5. Ng3 Bg6 6. h4 h6 7. Ne5 Bh7 8. Qh5
g6 9. Qf3 Nf6 10. Bc4 e6 11. b3 Bg7 12. Bb2 O-O 13. O-O-O Nbd7 14. Nxd7 Nxd7 15.
Bxg7 Kxg7 16. Ne4 Qe7 17. g4 f5 18. Ng3 Qf6 19. d4 Nb6 20. g5 hxg5 21. hxg5 Qxg5+
22. Kb1 Nxc4 23. bxc4 Qe7 24. Qc3 Kg8 25. Ne2 Rf7 26. Nf4 g5 27. Nd3 Rg7 28. Rh6
Rf8 29. Rdh1 Rf6 30. R6h2 f4 31. Ne5 g4 32. Nxg4 Rxg4 33. Rxh7 Rg7 34. Rh8+ Kf7
35. Qa5 Rf5 36. Qc3 Rfg5 37. Kb2 Qc7 38. Qb4 c5 39. dxc5 Rxc5 40. R1h5 Qb6 41.
Qxb6 axb6 42. Kc3 Ke7 43. Kd4 Kd6 44. R5h7 Rxh7 45. Rxh7 Ra5 46. Rxb7 Kc6 47.
Rf7 Kd6 48. Rb7 Kc6 49. Re7 Kd6 50. Rb7 Kc6 51. Ke4 1/2-1/2

[Event "Druzynowe Mistrzostwa Polski - II liga"]
[Site "Sypniewo k. Jastrowia"]
[Date "1899-12-30"]
[Round "1.33"]
[White "Kujawski, Adam"]
[Black "Radecki, Adam"]
[Result "1/2-1/2"]
[WhiteTitle "FM"]
[BlackTitle "I+"]
[WhiteElo "2239"]
[BlackElo "2028"]

1. e4 c5 2. Nf3 d6 3. d4 cxd4 4. Nxd4 Nf6 5. Nc3 g6 6. Be3 Bg7 7. f3 Nc6 8. Qd2
O-O 9. O-O-O d5 10. exd5 Nxd5 11. Nxc6 bxc6 12. Bd4 e5 13. Bc5 Be6 14. Ne4 Re8
15. h4 h6 16. h5 g5 17. g4 Qc7 18. Bc4 Rad8 19. Qf2 Nf4 20. Bxe6 Nxe6 21. Rxd8
Rxd8 22. Rd1 Rxd1+ 23. Kxd1 Bf8 24. Be3 Qa5 25. a3 c5 26. Qe2 Qa4 27. Qd3 Be7
28. Kd2 Kf8 29. c4 Qa5+ 30. Qc3 Qc7 31. Kc2 Nd4+ 32. Bxd4 exd4 33. Qd3 Qh2+ 34.
Kb1 Qg1+ 35. Kc2 Qg2+ 36. Kb3 Kg7 37. Ka2 Qg1 38. Kb3 Qe1 39. Kc2 Qg1 40. Qe2
Qa1 41. Nxc5 Bxc5 42. Qe5+ Kg8 43. Qxc5 Qg1 44. Qd5 Qf2+ 45. Kb1 Qd2 46. c5 d3
47. c6 Qc2+ 48. Ka2 d2 49. c7 Qxc7 50. Qxd2 Qc4+ 51. b3 Qc7 52. Qe2 Qc3 53. a4
a5 54. Qe8+ Kg7 55. Qe4 Kg8 56. Qd5 Qc2+ 1/2-1/2

[Event "Druzynowe Mistrzostwa Polski - II liga"]
[Site "Sypniewo k. Jastrowia"]
[Date "1899-12-30"]
[Round "1.34"]
[White "Samborski, Henryk"]
[Black "Robak, Zbigniew"]
[Result "1/2-1/2"]
[WhiteTitle "k"]
[BlackTitle "m"]
[WhiteElo "2052"]
[BlackElo "2217"]

1. Nf3 d5 2. d4 e6 3. c4 c6 4. g3 Nf6 5. Bg2 Nbd7 6. O-O Be7 7. Nbd2 b6 8. b3 O-O
9. Bb2 Bb7 10. Ne5 c5 11. Nxd7 Qxd7 12. cxd5 Bxd5 13. dxc5 Bxg2 14. Kxg2 Rfd8
15. Nf3 Qb5 16. Qc2 Rac8 17. Rfd1 Rxc5 18. Rxd8+ Bxd8 19. Qd2 Rd5 20. Qc2 Rc5
21. Qd2 Rd5 22. Qc2 Rc5 23. Qd2 1/2-1/2

[Event "Druzynowe Mistrzostwa Polski - II liga"]
[Site "Sypniewo k. Jastrowia"]
[Date "1899-12-30"]
[Round "1.35"]
[White "Mazalon, Mariusz"]
[Black "Lamza, Zenon"]
[Result "0-1"]
[WhiteTitle "k"]
[BlackTitle "k"]
[WhiteElo "2013"]
[BlackElo "2178"]

1. d4 Nf6 2. c4 g6 3. Nc3 Bg7 4. e4 d6 5. Nf3 O-O 6. h3 e5 7. d5 a5 8. g4 Na6 9.
Be3 Nc5 10. Nd2 Ne8 11. h4 f5 12. f3 Nf6 13. Rg1 fxg4 14. fxg4 Nfd7 15. g5 h5
16. Be2 Rf4 17. Bxf4 exf4 18. Qc2 Ne5 19. O-O-O Bg4 20. Rdf1 Qe7 21. Kb1 Rf8 22.
Nf3 Bxf3 23. Bxf3 Nxc4 24. Rc1 Qe5 25. Qe2 Ne3 26. Qb5 a4 27. Rge1 Ra8 28. Re2
Ra6 29. Rd2 Rb6 30. Qe2 a3 31. b3 Rb4 32. Bg2 Nxb3 33. axb3 Rxb3+ 34. Ka2 Rxc3
35. Rb1 Nc4 36. Rd3 b6 37. Bh3 Kh7 38. Be6 Ne3 39. Rxc3 Qxc3 40. Qb5 Qc2+ 41.
Kxa3 Nc4+ 42. Kb4 Bc3+ 43. Kxc4 Ba5+ 44. Kd4 Qc3# 0-1

[Event "Druzynowe Mistrzostwa Polski - II liga"]
[Site "Sypniewo k. Jastrowia"]
[Date "1899-12-30"]
[Round "1.36"]
[White "Bugaj, Hanna"]
[Black "Kindler, Karolina"]
[Result "0-1"]
[WhiteTitle "I++"]
[BlackTitle "I++"]
[WhiteElo "1755"]
[BlackElo "1805"]

1. d4 Nf6 2. c4 g6 3. Nf3 Bg7 4. Nc3 O-O 5. e4 d6 6. Be2 e5 7. dxe5 dxe5 8. Qxd8
Rxd8 9. Bg5 Re8 10. Nd5 Nxd5 11. cxd5 c6 12. O-O cxd5 13. exd5 e4 14. Nd2 Re5
15. Bf4 Rxd5 16. Nxe4 Rd4 17. Rad1 Nc6 18. Rxd4 Nxd4 19. Bc4 Be6 20. Bxe6 Ne2+
21. Kh1 Nxf4 22. Bc4 Bxb2 23. Nd6 b6 24. Re1 Ba3 25. Nxf7 Kg7 26. g3 Rc8 27. Ba6
Rc2 28. Ng5 Nh5 29. Rd1 Nf6 30. Kg1 Rxa2 31. Bc4 Rc2 32. Bb3 Rb2 33. Ne6+ Kh6
34. Bc4 b5 35. Rd4 bxc4 36. Rh4+ Nh5 37. g4 Be7 38. f4 g5 39. Rxh5+ Kg6 40. Nxg5
c3 41. f5+ Kg7 42. Rxh7+ Kf8 43. Rh8+ Kg7 44. Rh7+ Kg8 45. Rxe7 c2 46. Rc7 Rb1+
47. Kg2 c1=Q 48. Rxc1 Rxc1 49. Ne6 a5 50. g5 a4 51. g6 Rc6 52. Nd4 Rd6 53. Nb5
Rf6 54. Nd4 a3 55. Kf3 a2 56. Nb3 Rxf5+ 57. Kg4 Rb5 58. Na1 Rb1 59. Nc2 Rc1 0-1

[Event "Druzynowe Mistrzostwa Polski - II liga"]
[Site "Sypniewo k. Jastrowia"]
[Date "1899-12-30"]
[Round "1.37"]
[White "Chomczyk, Marek"]
[Black "Piotrowski, Przemyslaw"]
[Result "1-0"]
[WhiteTitle "k++"]
[BlackTitle "FM"]
[WhiteElo "2260"]
[BlackElo "2256"]

1. d4 Nf6 2. c4 c5 3. d5 d6 4. Nc3 e6 5. g3 exd5 6. cxd5 g6 7. Bg2 Bg7 8. Nf3 O-O
9. O-O Na6 10. Re1 Nc7 11. a4 Rb8 12. e4 Bg4 13. h3 Bxf3 14. Bxf3 Qd7 15. Kg2
Rfe8 16. Bf4 Rbd8 17. Qb3 h6 18. e5 dxe5 19. Bxe5 Na6 20. Nb5 b6 21. d6 Nb4 22.
Rad1 Nh5 23. Bc3 Nc6 24. Rxe8+ Rxe8 25. Qd5 Ne5 26. Bxh5 gxh5 27. Nc7 1-0

[Event "Druzynowe Mistrzostwa Polski - II liga"]
[Site "Sypniewo k. Jastrowia"]
[Date "1899-12-30"]
[Round "1.38"]
[White "Szczepaniak, Lukasz"]
[Black "Budnik, Mateusz"]
[Result "1/2-1/2"]
[WhiteTitle "k++"]
[BlackTitle "k"]
[WhiteElo "2202"]
[BlackElo "2008"]

1. e4 e6 2. d4 d5 3. Nd2 c5 4. exd5 Qxd5 5. dxc5 Bxc5 6. Ngf3 Nf6 7. Bc4 Qd8 8.
O-O O-O 9. Qe2 Nc6 10. Ne4 Be7 11. Bd2 Nd4 12. Nxd4 Qxd4 13. Nxf6+ Bxf6 14. Bc3
Qf4 15. g3 Qh6 16. Bd2 Qh3 17. Bd3 Bd7 18. Be4 Rac8 19. Bb4 Rfe8 20. Bxb7 Rb8
21. Bg2 Qf5 22. Be4 Qb5 23. Qxb5 Bxb5 24. Rfe1 Bxb2 25. Rab1 Bf6 26. Bd6 Rbd8
27. Bc7 Rc8 28. Rxb5 Rxc7 29. Reb1 g6 30. a4 Rc4 31. R5b4 Rec8 32. Bd3 Rxb4 33.
Rxb4 a5 34. Rb7 Bc3 35. Bb5 Rc5 36. Kg2 h5 37. h3 Kf8 38. Bd3 Kg7 39. Rb5 Rc7
40. f4 Kf6 41. Kf3 Ke7 42. Ke4 Kd6 43. g4 hxg4 44. hxg4 Rc5 45. Rxc5 Kxc5 46.
g5 Kd6 47. Bb5 1/2-1/2

[Event "Druzynowe Mistrzostwa Polski - II liga"]
[Site "Sypniewo k. Jastrowia"]
[Date "1899-12-30"]
[Round "1.39"]
[White "Celinski, Kamil"]
[Black "Dzikowski, Michal"]
[Result "0-1"]
[WhiteTitle "I++"]
[BlackTitle "k"]
[WhiteElo "2025"]
[BlackElo "2120"]

1. e4 c6 2. Nc3 d5 3. Nf3 Bg4 4. h3 Bxf3 5. Qxf3 e6 6. d4 Nf6 7. exd5 cxd5 8. Bd3
Nc6 9. Ne2 Bd6 10. c3 h6 11. Bf4 a6 12. a4 Rb8 13. O-O O-O 14. Ng3 Bxf4 15. Qxf4
Na5 16. b4 Nc6 17. Qe3 a5 18. b5 Ne7 19. f4 Re8 20. Qf3 Qb6 21. Kh1 Nc8 22. Rae1
Nd6 23. f5 exf5 24. Nxf5 Nxf5 25. Qxf5 Qc7 26. Qf3 Rxe1 27. Rxe1 Rc8 28. Re3 Qd6
29. Qe2 Qa3 30. Bc2 Kf8 31. Qd2 Qb2 32. Rf3 Qa1+ 33. Kh2 Qa3 34. Qf4 Qe7 35. Bf5
Re8 36. Bd3 Nh5 37. Qf5 Qc7+ 38. Kg1 Nf6 39. Bc2 Qc4 40. Qf4 Qe2 41. Bb3 Qe1+
42. Kh2 Qe7 43. c4 Nh5 44. Qe5 Qxe5+ 45. dxe5 Rxe5 46. cxd5 Nf6 47. Rc3 Ne8 48.
Rc8 Ke7 49. b6 Re3 50. Bc2 Nd6 51. Rc5 Re2 52. Bd1 Rb2 53. Rxa5 Rxb6 54. Rc5 Kd7
55. Rc3 Rb4 56. Rg3 g6 57. Rd3 Ne4 58. Rb3 Rxb3 59. Bxb3 Kd6 60. h4 b6 61. g3
Nc5 62. Bc2 Kxd5 63. Kg2 Kd4 64. Kf3 Kc3 65. Bd1 Kd2 66. Be2 Nxa4 67. Bb5 Nc5
68. Be8 Nd3 69. Ke4 f5+ 70. Kd4 g5 71. hxg5 hxg5 72. Bg6 f4 73. gxf4 Nxf4 74.
Bf5 Ne2+ 75. Kc4 b5+ 76. Kb4 Nd4 77. Bg4 Kd3 78. Bh5 Ke4 79. Kc5 Ke5 80. Bd1 Ke4
81. Bh5 Kd3 82. Kb4 Kd2 83. Kc5 Kc3 0-1

[Event "Druzynowe Mistrzostwa Polski - II liga"]
[Site "Sypniewo k. Jastrowia"]
[Date "1899-12-30"]
[Round "1.40"]
[White "Zareba, Radoslaw"]
[Black "Kaminski, Jan"]
[Result "1-0"]
[WhiteTitle "k"]
[BlackTitle "I++"]
[WhiteElo "2102"]
[BlackElo "1955"]

1. g3 e5 2. c4 Nf6 3. Bg2 Bc5 4. Nc3 d6 5. d3 O-O 6. Nf3 Nc6 7. O-O a5 8. Nd5 Nxd5
9. cxd5 Ne7 10. d4 exd4 11. Nxd4 Re8 12. e4 c6 13. dxc6 bxc6 14. Nb3 Ba6 15. Re1
Bb6 16. Bf4 a4 17. Nd4 Bb7 18. Bg5 f6 19. Be3 d5 20. Ne6 Qd6 21. Bxb6 Qxe6 22.
exd5 Qf7 23. dxc6 Nxc6 24. Rxe8+ Qxe8 25. Qd6 Qe7 26. Bd5+ Kf8 27. Qf4 Ne5 28.
Qd4 Rc8 29. Ba5 Bxd5 30. Qxd5 Rc2 31. a3 Nc6 32. Bc3 Qe2 33. Rf1 Ne5 34. Bb4+
Ke8 35. Qe6+ Kd8 36. Ba5+ 1-0

[Event "Druzynowe Mistrzostwa Polski - II liga"]
[Site "Sypniewo k. Jastrowia"]
[Date "1899-12-30"]
[Round "1.41"]
[White "Jedynak, January"]
[Black "Suliborski, Jakub"]
[Result "1/2-1/2"]
[WhiteTitle "I+"]
[BlackTitle "k"]
[WhiteElo "1877"]
[BlackElo "2159"]

1. b3 e5 2. Bb2 Nc6 3. e3 Nf6 4. Nf3 e4 5. Ne5 Bd6 6. Nxc6 dxc6 7. d3 Qe7 8. Nd2
exd3 9. Bxd3 Bg4 10. Be2 Bf5 11. O-O Rd8 12. Bd3 Bxd3 13. cxd3 Bxh2+ 14. Kxh2
Rxd3 15. Bxf6 Qxf6 16. Qg4 Rxd2 17. Qc8+ Qd8 18. Qxb7 Rd6 19. Rac1 Rh6+ 20. Kg1
Qd6 21. Rfd1 Qh2+ 22. Kf1 O-O 23. Rxc6 Qh1+ 24. Ke2 Qxg2 25. Rxc7 Qg4+ 26. Qf3
Qe6 27. Rxa7 Rf6 28. Qg2 Rg6 29. Qd5 Qg4+ 30. Qf3 Qc8 31. Qb7 Qg4+ 32. Qf3 Qc8
33. Qb7 1/2-1/2

[Event "Druzynowe Mistrzostwa Polski - II liga"]
[Site "Sypniewo k. Jastrowia"]
[Date "1899-12-30"]
[Round "1.42"]
[White "Zdziarska-zareba, Lidia"]
[Black "Rudnik, Anna"]
[Result "1-0"]
[WhiteTitle "k+"]
[BlackTitle "I++"]
[WhiteElo "1848"]
[BlackElo "1869"]

1. e4 e5 2. Nf3 Nc6 3. d4 exd4 4. Nxd4 Bc5 5. Be3 Qf6 6. c3 Nge7 7. g3 d5 8. Bg2
dxe4 9. Nb5 Bxe3 10. Nxc7+ Kf8 11. fxe3 Rb8 12. Nd5 Qg5 13. Nf4 Qc5 14. O-O Qxe3+
15. Kh1 g5 16. Nd5 Qd3 17. Nxe7 Kxe7 18. Qh5 Be6 19. Qxg5+ Kd7 20. Na3 Rbg8 21.
Qf6 Kc8 22. Rfe1 Qd2 23. c4 h5 24. Rad1 Qa5 25. Rxe4 Bg4 26. Rde1 Qd2 27. Nb5
Be6 28. R4e2 Qd7 29. b3 h4 30. gxh4 Rh5 31. Qf2 a6 32. Na7+ Kb8 33. Nxc6+ bxc6
34. Qb6+ Qb7 35. Qxc6 Qxc6 36. Bxc6 Rxh4 37. Re4 Rh6 38. Bd5 Rgh8 39. R4e2 Bxd5+
40. cxd5 Kc7 41. Rd2 Kd6 42. Rc1 f5 43. Rc6+ Ke5 44. Rxh6 Rxh6 45. d6 Rh8 46.
d7 Rd8 47. Kg2 Ke4 48. Kf2 f4 49. a4 a5 50. h4 f3 51. h5 Kf5 52. Kxf3 Kg5 53.
Rd5+ Kh6 54. Ke4 1-0

[Event "Druzynowe Mistrzostwa Polski - II liga"]
[Site "Sypniewo k. Jastrowia"]
[Date "1899-12-30"]
[Round "1.43"]
[White "Kempinski, Tomasz"]
[Black "Osinski, Emil"]
[Result "1/2-1/2"]
[WhiteTitle "FM"]
[BlackTitle "k"]
[WhiteElo "2161"]
[BlackElo "2171"]

1. d4 Nf6 2. Nf3 g6 3. Bf4 Bg7 4. e3 O-O 5. h3 d6 6. Bc4 c6 7. a4 Nbd7 8. O-O Ne4
9. Bd3 Ndf6 10. c4 d5 11. cxd5 cxd5 12. Nc3 Bf5 13. Ne2 Qb6 14. b3 a5 15. Ne5
Rfc8 16. Rb1 Nc3 17. Nxc3 Rxc3 18. Bxf5 gxf5 19. Nd3 Rac8 20. b4 axb4 21. Rxb4
Qc6 22. Ne5 Qa6 23. Bg5 R8c7 24. Bxf6 Bxf6 25. Nf3 R3c4 26. Qb1 Rxb4 27. Qxb4
Rc4 28. Qb3 e6 1/2-1/2

[Event "Druzynowe Mistrzostwa Polski - II liga"]
[Site "Sypniewo k. Jastrowia"]
[Date "1899-12-30"]
[Round "1.44"]
[White "Bes, Michal"]
[Black "Tomczak, Rafal"]
[Result "1/2-1/2"]
[WhiteTitle "k"]
[BlackTitle "FM"]
[WhiteElo "2130"]
[BlackElo "2308"]

1. e4 c5 2. Nf3 d6 3. d4 cxd4 4. Nxd4 Nf6 5. Nc3 a6 6. h3 Nc6 7. g4 e6 8. g5 Nd7
9. Be3 Be7 10. h4 Qc7 11. Qh5 Nc5 12. O-O-O Bd7 13. f4 g6 14. Qe2 O-O-O 15. Bg2
Kb8 16. h5 Qa5 17. Kb1 Rc8 18. hxg6 hxg6 19. Rxh8 Rxh8 20. Rh1 Rxh1+ 21. Bxh1
Nxd4 22. Bxd4 Bc6 23. Bf3 Nd7 24. Be3 Bf8 25. Qd3 Nc5 26. Qd4 Qc7 27. Qh8 1/2-1/2

[Event "Druzynowe Mistrzostwa Polski - II liga"]
[Site "Sypniewo k. Jastrowia"]
[Date "1899-12-30"]
[Round "1.45"]
[White "Kulesza, Mateusz"]
[Black "Walentukiewicz, Michal"]
[Result "1-0"]
[WhiteTitle "k+"]
[BlackTitle "CM"]
[WhiteElo "2255"]
[BlackElo "2066"]

1. e4 g6 2. Nc3 Bg7 3. g3 d6 4. Bg2 Nf6 5. f4 O-O 6. Nf3 c5 7. O-O Nc6 8. d3 Bg4
9. h3 Bxf3 10. Qxf3 Nd4 11. Qf2 Rb8 12. Nd1 Nd7 13. c3 Nc6 14. a4 a6 15. Ne3 e6
16. h4 b5 17. axb5 axb5 18. h5 b4 19. hxg6 hxg6 20. e5 d5 21. c4 Ne7 22. g4 d4
23. Nc2 f6 24. exf6 Bxf6 25. Qe2 Qb6 26. Ne1 Rbe8 27. Nf3 Qd6 28. Nd2 Bg7 29.
Ne4 Qb6 30. Bd2 e5 31. Ng5 exf4 32. Bxf4 Nf6 33. Qe6+ Qxe6 34. Nxe6 Nxg4 35. Nxf8
Rxf8 36. Bd6 Rxf1+ 37. Rxf1 Nf5 38. Bxc5 Be5 39. Rxf5 gxf5 40. Bxb4 Bh2+ 41. Kh1
Bf4 42. Be1 Be3 43. Bh3 Nf2+ 44. Bxf2 Bxf2 45. Bxf5 Kf7 46. Kg2 Be1 47. Kf3 Ke7
48. Ke4 Bf2 49. Kd5 1-0

[Event "Druzynowe Mistrzostwa Polski - II liga"]
[Site "Sypniewo k. Jastrowia"]
[Date "1899-12-30"]
[Round "1.46"]
[White "Bienias, Piotr"]
[Black "Adamski, Michal"]
[Result "1-0"]
[WhiteTitle "I++"]
[BlackTitle "k++"]
[WhiteElo "1898"]
[BlackElo "2195"]

1. e4 g6 2. d4 Bg7 3. Nf3 d6 4. Bd3 c5 5. c3 Bg4 6. Nbd2 Nc6 7. h3 Bd7 8. d5 Na5
9. a4 Qc7 10. Qe2 Rc8 11. O-O e6 12. Ra3 c4 13. dxe6 fxe6 14. Bb1 Ne7 15. Nd4
O-O 16. N2f3 a6 17. Ng5 Rf6 18. e5 dxe5 19. Ndf3 Rf5 20. Re1 h6 21. Ne4 Nb3 22.
Be3 Nd5 23. Nh4 g5 24. Nxf5 exf5 25. Nd2 f4 26. Nxb3 fxe3 27. Nc1 Bf8 28. fxe3
Bxa3 29. Qc2 Be8 30. bxa3 e4 31. Ne2 Bg6 32. Nd4 Qa5 33. Ne2 Nxe3 34. Qd2 Nd5
35. Rd1 Qc5+ 36. Kh1 Rf8 37. Ng3 Nf6 38. Qd4 Qxd4 39. Rxd4 Re8 40. Rxc4 Re7 41.
Kg1 Kg7 42. Kf1 Nd5 43. Rc5 Nf4 44. Ne2 b6 45. Rc6 Nd5 46. Rd6 Ne3+ 47. Kg1 Nc4
48. Rc6 Bf7 49. Ng3 Bd5 50. Nf5+ Kf7 51. Nxe7 Kxe7 52. Rxh6 b5 53. Ba2 e3 54.
Bxc4 Bxc4 55. Rxa6 1-0

[Event "Druzynowe Mistrzostwa Polski - II liga"]
[Site "Sypniewo k. Jastrowia"]
[Date "1899-12-30"]
[Round "1.47"]
[White "Chaczynski, Kamil"]
[Black "Kowalczyk, Wojciech"]
[Result "1-0"]
[WhiteTitle "I++"]
[BlackTitle "I"]
[WhiteElo "2047"]
[BlackElo "1893"]

1. e4 c5 2. Nf3 d6 3. Bb5+ Nd7 4. a4 Nf6 5. Nc3 a6 6. Be2 b6 7. d4 cxd4 8. Qxd4
e6 9. O-O Bb7 10. Rd1 Be7 11. b3 Qc7 12. Bb2 O-O 13. Rac1 Qc5 14. Qxc5 Nxc5 15.
e5 dxe5 16. Nxe5 Rfd8 17. Nc4 Ncd7 18. Nd6 Bc6 19. g3 Ne5 20. Nc4 Nf3+ 21. Bxf3
Bxf3 22. Nxb6 Bxd1 23. Nxa8 Bxc2 24. Rxc2 Rxa8 25. Ne2 Nd5 26. Nd4 Bf6 27. Rc4
a5 28. Kg2 Kf8 29. Ba3+ Be7 30. Bc1 Bb4 31. Kf3 Ke8 32. g4 Kd7 33. Bb2 f6 34.
Ke4 Be1 35. f4 h6 36. Nxe6 Kxe6 37. Rc6+ Kd7 38. Kxd5 h5 39. g5 fxg5 40. fxg5
Rf8 41. Rd6+ Kc7 42. Be5 Kc8 43. Rg6 Rf5 44. Ke4 Rf2 45. Kd5 Rf5 46. Ke6 Rf3 47.
Rxg7 Re3 48. Rg8+ Kb7 49. Rb8+ Kc6 50. g6 Bc3 51. Rb5 Bxe5 52. Rxe5 Rxb3 53. g7
Rb8 54. Kf7 Kd6 55. Rxa5 Rb7+ 56. Kg6 Rb8 57. Kh7 Rb7 58. Kh8 1-0

[Event "Druzynowe Mistrzostwa Polski - II liga"]
[Site "Sypniewo k. Jastrowia"]
[Date "1899-12-30"]
[Round "1.48"]
[White "Smietanska, Wiktoria"]
[Black "Filipska, Maja"]
[Result "1-0"]
[WhiteTitle "CM"]
[BlackTitle "I++"]
[WhiteElo "1726"]
[BlackElo "1886"]

1. c4 e5 2. Nc3 Nc6 3. Nf3 g6 4. d4 exd4 5. Nxd4 Bg7 6. Nc2 d6 7. g3 Be6 8. Ne3
Nge7 9. Bg2 O-O 10. O-O Ne5 11. Bxb7 Rb8 12. Bd5 Nxd5 13. cxd5 Bh3 14. Ng2 Qe7
15. Re1 Rfe8 16. Ne3 h5 17. Qa4 Bh6 18. b3 Qf6 19. Bd2 Bxe3 20. fxe3 Ng4 21. Qf4
Qe7 22. e4 Rb4 23. Qg5 Nf6 24. Qh4 Nxe4 25. Qxe7 Rxe7 26. Nxe4 Rbxe4 27. Kf2 Rd4
28. Bg5 Re5 29. Bf4 Rexd5 30. Rac1 c5 31. e4 Rd2+ 32. Bxd2 Rxd2+ 33. Re2 Rxe2+
34. Kxe2 f6 35. Ke3 Kf7 36. Rc4 Bd7 37. b4 Bb5 38. Rc2 cxb4 39. Rc7+ Ke6 40. Rxa7
f5 41. exf5+ gxf5 42. Kd4 d5 43. Kc5 Bc4 44. Kxb4 h4 45. a4 hxg3 46. hxg3 Ke5
47. Re7+ Kf6 48. Rc7 Bf1 49. Kc5 Bc4 50. Kd4 Kg5 51. Rxc4 dxc4 52. Kxc4 Kg4 53.
a5 Kxg3 54. a6 f4 55. a7 f3 56. a8=Q f2 57. Qh1 1-0

[Event "Druzynowe Mistrzostwa Polski - II liga"]
[Site "Sypniewo k. Jastrowia"]
[Date "1899-12-30"]
[Round "1.49"]
[White "Szewczyk, Mariusz"]
[Black "Rudolf, Michal"]
[Result "1/2-1/2"]
[WhiteTitle "k"]
[BlackTitle "FM"]
[WhiteElo "2119"]
[BlackElo "2356"]

1. e4 c5 2. Nf3 d6 3. Bb5+ Bd7 4. Bxd7+ Nxd7 5. O-O Ngf6 6. Re1 e6 7. c3 Be7 8.
d4 O-O 9. Bg5 h6 10. Bxf6 Bxf6 11. Nbd2 cxd4 12. cxd4 Rc8 13. Qa4 a6 14. Rac1
Rc7 15. Nb3 Nb8 16. Rxc7 Qxc7 17. Rc1 Qb6 18. Qa5 Bd8 19. Qa3 Nd7 20. Nbd2 d5
21. exd5 exd5 22. Qb3 Nf6 23. Qxb6 Bxb6 24. Nb3 Re8 25. Kf1 Nd7 26. Nc5 Rc8 27.
b4 a5 28. Rb1 Rc7 29. a3 axb4 30. axb4 Bxc5 31. bxc5 Kf8 32. Ne1 Ke7 33. Nd3 Kd8
34. f3 Nb8 35. Nf4 Nc6 36. Rd1 Rd7 37. Ke2 Kc7 38. Kd3 Rd8 39. Re1 g5 40. Ne2
Re8 41. Rb1 Ra8 42. Nc3 1/2-1/2

[Event "Druzynowe Mistrzostwa Polski - II liga"]
[Site "Sypniewo k. Jastrowia"]
[Date "1899-12-30"]
[Round "1.50"]
[White "Markowski, Damian"]
[Black "Kowalec, Maciej"]
[Result "0-1"]
[WhiteTitle "FM"]
[BlackTitle "k"]
[WhiteElo "2202"]
[BlackElo "2070"]

1. Nf3 c5 2. g3 Nc6 3. Bg2 g6 4. O-O Bg7 5. d3 d6 6. e4 e6 7. Nbd2 Nge7 8. Re1
b5 9. Nf1 a5 10. h4 h5 11. Rb1 b4 12. Bg5 Qc7 13. Qd2 e5 14. c3 Be6 15. a3 Rb8
16. Be3 bxc3 17. bxc3 O-O 18. Ng5 Bb3 19. Bh3 a4 20. Qe2 Nd8 21. c4 f6 22. Ne6
Qd7 23. Nf4 Qe8 24. Nd5 Nxd5 25. exd5 f5 26. Bd2 Nf7 27. Bc3 Qc8 28. Nd2 Qa6 29.
Rbc1 Bh6 30. f4 Rbe8 31. Bf1 Qc8 32. Qf2 exf4 33. gxf4 Rxe1 34. Rxe1 Re8 35. Rb1
Bc2 36. Rc1 Bb3 37. Qg3 Kh7 38. Kf2 Qd8 39. Nxb3 axb3 40. Rb1 Bg7 41. Bxg7 Kxg7
42. Rxb3 Qe7 43. Kg1 Nh6 44. d4 cxd4 45. Qf2 Ng4 46. Qxd4+ Kg8 47. Rb2 Qxh4 48.
c5 Ne3 49. Re2 Qg3+ 50. Bg2 Re4 51. Qf6 Nxg2 52. Rxe4 Nh4+ 53. Kf1 Qg2+ 54. Ke1
Nf3+ 0-1

[Event "Druzynowe Mistrzostwa Polski - II liga"]
[Site "Sypniewo k. Jastrowia"]
[Date "1899-12-30"]
[Round "1.51"]
[White "Litner, Igor"]
[Black "Warszawski, Bartosz"]
[Result "0-1"]
[WhiteTitle "I++"]
[BlackTitle "m"]
[WhiteElo "1983"]
[BlackElo "2169"]

1. d4 Nf6 2. Bg5 c5 3. Bxf6 exf6 4. c3 Qb6 5. Qd2 d5 6. e3 Nc6 7. Nf3 Be6 8. dxc5
Bxc5 9. Nd4 O-O 10. Be2 Rfe8 11. O-O a5 12. a4 Rad8 13. Na3 Ne5 14. b3 Bg4 15.
Bb5 Re7 16. h3 Bc8 17. Rfb1 Bd6 18. Nac2 Bb8 19. Be2 Ng6 20. Nb5 f5 21. g3 f4
22. exf4 Bxh3 23. Qd4 Qc6 24. Bd3 Qc8 25. Bxg6 hxg6 26. Re1 Re4 27. Rxe4 dxe4
28. Qxe4 Bf5 29. Qe2 Bd3 30. Qe3 Bxc2 31. c4 Qg4 32. Nd4 Ba7 0-1

[Event "Druzynowe Mistrzostwa Polski - II liga"]
[Site "Sypniewo k. Jastrowia"]
[Date "1899-12-30"]
[Round "1.52"]
[White "Kaim, Piotr"]
[Black "Rzeszowski, Dominik"]
[Result "1-0"]
[WhiteTitle "m"]
[BlackTitle "I++"]
[WhiteElo "2166"]
[BlackElo "1863"]

1. d4 Nf6 2. c4 c5 3. d5 b5 4. Nf3 e6 5. dxe6 fxe6 6. cxb5 d5 7. e3 Bd6 8. Nc3
Nbd7 9. Bd3 O-O 10. O-O Ng4 11. h3 Nge5 12. Nxe5 Nxe5 13. f4 Nxd3 14. Qxd3 Bb7
15. b3 Rc8 16. Bb2 c4 17. bxc4 dxc4 18. Qe2 e5 19. Rad1 Qe7 20. f5 Bc5 21. Kh1
Qh4 22. Kh2 Rf7 23. Na4 Bb6 24. Nxb6 axb6 25. Bxe5 Qe4 26. Bc3 Re8 27. Rf3 Qe7
28. Rg3 Qc7 29. Qf2 Be4 30. f6 g6 31. Kg1 Qc5 32. a4 Qa3 33. Qb2 Qxa4 34. Rd6
Qa7 35. Rg4 Qc7 36. Qb4 Rd7 37. Rxd7 Qxd7 38. Qxc4+ Bd5 39. Qd3 Kf7 40. Rd4 1-0